LEADER 02852oam 2200685I 450 001 9910465135703321 005 20200520144314.0 010 $a0-203-80727-8 010 $a1-299-31943-2 010 $a1-136-66115-8 024 7 $a10.4324/9780203807279 035 $a(CKB)2560000000100735 035 $a(EBL)1154294 035 $a(OCoLC)831117987 035 $a(SSID)ssj0000855927 035 $a(PQKBManifestationID)12418201 035 $a(PQKBTitleCode)TC0000855927 035 $a(PQKBWorkID)10792697 035 $a(PQKB)10230152 035 $a(OCoLC)830653600 035 $a(MiAaPQ)EBC1154294 035 $a(Au-PeEL)EBL1154294 035 $a(CaPaEBR)ebr10676576 035 $a(CaONFJC)MIL463193 035 $a(EXLCZ)992560000000100735 100 $a20180706d2013 uy 0 101 0 $aeng 135 $aur|n|---||||| 181 $ctxt 182 $cc 183 $acr 200 10$aComplexity and control in team sports $edialectics in contesting human systems /$fFelix Lebed and Michael Bar-Eli 205 $a1st ed. 210 1$aAbingdon, Oxon :$cRoutledge,$d2013. 215 $a1 online resource (473 p.) 225 1 $aRoutledge research in sport and exercise science ;$v6 300 $aDescription based upon print version of record. 311 $a1-138-83385-1 311 $a0-415-67288-0 320 $aIncludes bibliographical references and index. 327 $apt. 1. Methodological aspects of complexity in team sports -- pt. 2. Individuals in team contests : the complexity point of view -- pt. 3. Complexity in sport teams and organizations -- pt. 4. Applying the complexity approach. 330 $aComplexity and Control in Team Sports is the first book to apply complex systems theory to 'soccer-like' team games (including basketball, handball and hockey) and to present a framework for understanding and managing the elite sports team as a multi-level complex system. Conventional organizational studies have tended to define team sports as a set of highly heterogeneous physical, mental and cognitive activities within which it is difficult, if not impossible, to find common behavioural playing regularities or universal pedagogies for controlling those activities. Adopting a whol 410 0$aRoutledge research in sport and exercise science ;$v6. 606 $aSports sciences 606 $aTeam sports 606 $aSports$xManagement 608 $aElectronic books. 615 0$aSports sciences. 615 0$aTeam sports. 615 0$aSports$xManagement. 676 $a796.06/9 700 $aLebed$b Felix.$0947913 701 $aBar-Eli$b Michael$0908890 801 0$bMiAaPQ 801 1$bMiAaPQ 801 2$bMiAaPQ 906 $aBOOK 912 $a9910465135703321 996 $aComplexity and control in team sports$92142638 997 $aUNINA LEADER 01154nam0 22002771i 450 001 UON00193272 005 20231205103223.607 010 $a08-549-6848-2 100 $a20030730d1993 |0itac50 ba 101 $aeng 102 $aGB 105 $a|||| ||||| 200 1 $aAnglo-Russica$eAspects of cultural relations between Great Britain and Russia in the Eigteenth and early Nineteenth century$fSelected essays by Anthony Cross 210 $aOxford$cBerg$d1993 215 $a269 p.$d21 cm. 410 1$1001UON00172879$12001 $aAnglo-Russian affinities series$1210 $aOxford$cBerg 606 $aRUSSIA$xRelazioni culturali$xInghilterra$xSec. 18.-19.$3UONC040113$2FI 620 $aGB$dOxford$3UONL000029 700 1$aCROSS$bAnthony$3UONV109782$0676718 712 $aBerg Publishers$3UONV263681$4650 801 $aIT$bSOL$c20240220$gRICA 899 $aSIBA - SISTEMA BIBLIOTECARIO DI ATENEO$2UONSI 912 $aUON00193272 950 $aSIBA - SISTEMA BIBLIOTECARIO DI ATENEO$dSI EO DUOMO IX H 0205 $eSI EO 26077 5 0205 996 $aAnglo-Russica$91291764 997 $aUNIOR